| 000 | 01599nam a2200349 i 4500 | ||
|---|---|---|---|
| 001 | 185206 | ||
| 003 | SpMaBN | ||
| 005 | 20251005063139.0 | ||
| 008 | 160408s2003 sp |||| |bspa d | ||
| 080 | _a929 Churchill, Winston, Sir | ||
| 080 | _a94(410)"19" | ||
| 100 | 1 |
_aJenkins, Roy, _d1920-2003 _9159336 |
|
| 245 | 1 | 0 |
_aWinston Churchill / _cRoy Jenkins ; prólogo de Manuel Fraga Iribarne ; [traducción, Carme Camps Monfà]. |
| 250 | _aEd. especial para este periódico. | ||
| 260 |
_a[Barcelona] : _bFolio, _c[2003] |
||
| 300 |
_a2 v. (1132 p.) ; _c21 cm. |
||
| 490 | 1 |
_aBiblioteca ABC. Protagonistas del s. XX ; _v1, 3. Las biografías que construyeron el siglo |
|
| 500 | _aGlosario de términos parlamentarios. | ||
| 500 | _aÍndice. | ||
| 504 | _aBibliografía: p. [1009]-1014. | ||
| 505 | 8 |
_aContiene: v. I ; _tPrimera parte: 1874-1908 ; _t2ª parte: 1908-1914 ; _t3ª parte: 1914-1918 ; _t4ª parte: 1919-1939 -- v. II ; _tQuinta parte: 1939-1945 ; _t6ª parte: 1945-1965 |
|
| 600 | 1 | 4 |
_aChurchill, Winston, _cSir, _d1874-1965 _938708 |
| 651 | 7 |
_aGran Bretaña- _xHistoria- _yS.XX. _98755 |
|
| 700 | 1 |
_aFraga Iribarne, Manuel, _d1922-2012 _9193721 |
|
| 700 | 1 |
_aCamps, Carmen. _934310 |
|
| 710 | 2 |
_aDiario ABC. _91137 |
|
| 830 | 0 | 0 |
_aBiblioteca ABC. Protagonistas del s. XX _v1, 3. Las biografías que construyeron el siglo _9192266 |
| 852 |
_aES-MaACL _jA-13689 _9192226 _bR.150376 _cDEPO1 _dOlim: N-6689 _pVol. 1 _xenc. cart. |
||
| 852 |
_aES-MaACL _jA-13690 _bR.150376 _cDEPO1 _dOlim: N-6690 _pVol. 2 _xenc. cart. _9200887 |
||
| 942 | _2udc | ||
| 999 |
_c185206 _d185206 |
||